| 000 | 00875nam a22002297a 4500 | ||
|---|---|---|---|
| 008 | 090205t xxu||||| |||| 00| 0 eng d | ||
| 010 | _aENG-92865 | ||
| 020 |
_c150.00 _a9788190756327 |
||
| 035 | _aEN-76398 | ||
| 037 | _bDBAD / PUB | ||
| 040 |
_adpl _bEnglish |
||
| 082 | _a574.876 | ||
| 100 | _aMalarvili, T. | ||
| 245 |
_aBasic principles of cell physiology and biochemistry / _cby T. Malarvili |
||
| 260 |
_aKanakumari _bKamaraj Publications _c2007 |
||
| 270 |
_a14/135, Kamaraj Street, Agatheeswaram Post, _bKanyakumari _e629701 |
||
| 300 |
_a154p. _c21cm (pbk) |
||
| 650 | _aCell physiology. | ||
| 650 | _acytochemistry. | ||
| 942 |
_2ddc _cEN _mMAL _h574.876 |
||
| 999 |
_c23091 _d23091 |
||